Greeks - Sudden Death - Statistics

General Stats
  • This quiz has been taken 598 times
  • The average score is 14 of 16
Answers on the Grid
Answers color-coded by a green-red scale on the quiz's grid according to % correct below.
Socrates
Plato
Aristotle
Eva Perón
Pythagoras
Oscar Niemeyer
Pablo Picasso
Hippocrates
Diego Maradona
Hergé
Aristotle Onassis
Pedro Almodóvar
Ayrton Senna
Homer
Fernando Pessoa
Nikos Kazantzakis
Pericles
José Mourinho
Mikis Theodorakis
Che Guevara
Vangelis
Lola Flores
Antonín Dvořák
Euclid
Nikos Galis
Vasco da Gama
Jean Sibelius
Sophocles
Herodotus
Pyrros Dimas
 
Answer Stats
Answer % Correct
Aristotle
97%
Plato
97%
Socrates
97%
Pythagoras
94%
Hippocrates
91%
Sophocles
89%
Herodotus
87%
Euclid
85%
Homer
85%
Pericles
84%
Aristotle Onassis
83%
Nikos Kazantzakis
83%
Mikis Theodorakis
82%
Nikos Galis
76%
Pyrros Dimas
76%
Vangelis
63%
No matching quizzes found
Score Distribution
Percent of People with Each Score
Percentile by Number Answered
Your Score History
You have not taken this quiz